Zelaya Norte : zona especial 1 /

Análisis de la situación económica de la zona especial 1 de Nicaragua, que corresponde a la parte noreste del país, en el cuarto año del establecimiento de la revolución, 1983. Después de presentar algunos bosquejos de la historia local, se presenta la situación de los diferentes rubros del quehacer...

Descripción completa

Guardado en:
Detalles Bibliográficos
Formato: Libro
Idioma:Español
Temas:
Etiquetas: Agrega una etiqueta
Sin etiquetas, Sé el primero en etiquetar este registro!

MARC

LEADER 00000nam^a2200000^a^4500
001 000389944
005 20250526000000.0
009 20260526143127.573
037 |a Acervo ITESO - Biblioteca 
041 |a ESP 
082 |a 330. 97285053  |b ZEL 
245 0 0 |a Zelaya Norte :  |b zona especial 1 / 
264 |a Managua, Nicaragua :  |b Centro de Comunicación Internacional,  |c 1983 
300 |a 40 p. ;  |c 27.5 cm. 
520 |a Análisis de la situación económica de la zona especial 1 de Nicaragua, que corresponde a la parte noreste del país, en el cuarto año del establecimiento de la revolución, 1983. Después de presentar algunos bosquejos de la historia local, se presenta la situación de los diferentes rubros del quehacer económico en la región, también llamada Zelaya Norte. 
649 |a XX 
650 |a Infraestructura -  |z Nicaragua -  |x Historia -  |y Régimen Sandinista, 1979-1990 
650 |a Vivienda -  |z Nicaragua -  |x Historia -  |y Régimen Sandinista, 1979-1990 
650 |a Educación -  |z Nicaragua -  |x Historia -  |y Régimen Sandinista, 1979-1990 
650 |a Servicios Médicos y de Salud -  |z Nicaragua -  |x Historia -  |y Régimen Sandinista, 1979-1990 
650 |a Población -  |z Nicaragua -  |x Historia -  |x Régimen Sandinista, 1979-1990 
650 |a Agricultura -  |z Nicaragua -  |x Historia -  |y Régimen Sandinista, 1979-1990 
650 |a Ganadería -  |z Nicaragua -  |x Historia -  |y Régimen Sandinista, 1979-1990 
650 |a Minería -  |z Nicaragua -  |x Historia -  |y Régimen Sandinista, 1979-1990 
650 |a Recursos Naturales -  |z Nicaragua -  |x Historia -  |y Régimen Sandinista, 1979-1990 
650 |a Clima -  |z Nicaragua - 
650 |a Orografía -  |z Nicaragua 
650 |a Hidrografía -  |z Nicaragua 
650 |a Economía 
650 |a Nicaragua -  |x Condiciones Económicas -  |x Tema Principal 
650 |a Nicaragua -  |x Historia -  |y Régimen Sandinista, 1979-1990 
910 |a Fondo Carlos Núñez Hurtado 
920 |a Impresos - Libros 
930 |a Libros Antiguos y Raros 
905 |a 108 
901 |a 0500284725  |b IT2  |c LRA  |i D82078  |u 20250526 
902 |a https://opac.biblio.iteso.mx/vufind/Record/000389944